Modern analytical design of instrument servomechanisms
This book presents a first concerted effort to combine, using a digital computer, statistical tolerance techniques and servo design. It provides a simple, straightforward , and realistic method of considering all tolerance effects.
Gespeichert in:
| 1. Verfasser: | |
|---|---|
| Format: | Buch |
| Sprache: | Undetermined |
| Veröffentlicht: |
Massachusetts
Addison-Wesley
1967
|
| Schlagworte: | |
| Tags: |
Tag hinzufügen
Keine Tags, Fügen Sie den ersten Tag hinzu!
|
| Thư viện lưu trữ: | Trung tâm Học liệu Trường Đại học Cần Thơ |
|---|
| LEADER | 00791nam a2200193Ia 4500 | ||
|---|---|---|---|
| 001 | CTU_14668 | ||
| 008 | 210402s9999 xx 000 0 und d | ||
| 082 | |a 629.832 | ||
| 082 | |b C559 | ||
| 100 | |a Chubb, Bruce A. | ||
| 245 | 0 | |a Modern analytical design of instrument servomechanisms | |
| 245 | 0 | |c Bruce A. Chubb | |
| 260 | |a Massachusetts | ||
| 260 | |b Addison-Wesley | ||
| 260 | |c 1967 | ||
| 520 | |a This book presents a first concerted effort to combine, using a digital computer, statistical tolerance techniques and servo design. It provides a simple, straightforward , and realistic method of considering all tolerance effects. | ||
| 650 | |a Servomechanisms,Cơ phục vụ | ||
| 904 | |i Nguyễn Quang Điền,Hải | ||
| 980 | |a Trung tâm Học liệu Trường Đại học Cần Thơ | ||